LIBRARY & INFORMATION CENTRE, KCAET, TAVANUR

ONLINE PUBLIC ACCESS CATALOGUE (OPAC)

Mechanics of soils: an introduction to critical state soil mechanics / (Record no. 5568)

MARC details
000 -LEADER
fixed length control field 00500cam a2200181ua 4500
003 - CONTROL NUMBER IDENTIFIER
control field OSt
008 - FIXED-LENGTH DATA ELEMENTS--GENERAL INFORMATION
fixed length control field 250415b |||||||| |||| 00| 0 eng d
020 ## - INTERNATIONAL STANDARD BOOK NUMBER
ISBN 07 084135 7
041 ## - LANGUAGE CODE
Language code of text/sound track or separate title eng
082 ## - DEWEY DECIMAL CLASSIFICATION NUMBER
Classification number 624.15136
Item number ATK/ME
100 ## - MAIN ENTRY--AUTHOR NAME
Personal name Atkinson, J H .
245 ## - TITLE STATEMENT
Title Mechanics of soils: an introduction to critical state soil mechanics /
250 ## - EDITION STATEMENT
Edition statement 1 /
260 ## - PUBLICATION, DISTRIBUTION, ETC. (IMPRINT)
Place of publication New York :
Name of publisher McGraw Hill Book Company ,
Year of publication 1982.
300 ## - PHYSICAL DESCRIPTION
Number of Pages 375 ; .
700 1# - ADDED ENTRY--PERSONAL NAME
Personal name Bransby, P L .
942 ## - ADDED ENTRY ELEMENTS (KOHA)
Koha item type Books
Holdings
Withdrawn status Lost status Damaged status Home library Current library Date acquired Full call number Accession Number Koha item type
      KAUAET KAUAET 07/04/2012 624.15136 ATK/ME 15898 Books
free website counter